• 首页
  • 本馆介绍
  • 公告通知
  • 最新文献
  • 馆藏检索
  • 电子资源
  • 读者导购
  • 参考咨询
  • 我的图书馆
  • 登录
  • 详细信息显示
  • 放入我的书架
  • 预约/预借图书
  • 作者相关作品
  • 分类相关作品
  • 丛书相关作品
  • 出版社相关作品

书目信息

  • 表格格式
  • 工作单格式
  • 卡片格式
题名:
水滴石穿
    
 
作者: 王钢 著 ;皮痞祖 绘
分册:  
出版信息: 北京   中国纺织出版社  2018.07
页数: 68页
开本: 24cm
丛书名: 王钢侃成语
单 册:
中图分类: H136.31-49
科图分类:
主题词: 汉语--成语--儿童读物
电子资源:
ISBN: 978-7-5180-4870-0
000 01268oam2 2200277 450
001 5543
005 20181016110233.75
010    @a978-7-5180-4870-0@dCNY29.80
100    @a20180819d2018 cemy0chiy50 ea
101 0  @achi
102    @aCN@b110000
105    @aa z 000yy
200 1  @a水滴石穿@9shui di shi chuan@e成语里的励志故事@f王钢著@g皮痞祖绘
210    @a北京@c中国纺织出版社@d2018.07
215    @a68页@c图@d24cm
225 1  @a王钢侃成语
314    @a王钢,著名儿童文学作家,河南省学术带头人,河南儿童文学学会理事,郑州市道德课堂研究会常任理事,郑州市加斯顿小学校长,自媒体“钢好读书”发起人。著有“好看系列”“非常好看系列”“我们的非凡小学系列”及《大块头的小心事》《千万别看作文书》等作品二十余册,销量数百万。
330    @a本书以创新的方式和思维解读成语,让孩子对成语中的人和事产生共通的感情,加深对成语的理解。内容涉及“无懈可击”“洗耳恭听”“开卷有益”“拍案而起”“防微杜渐”等成语,每个成语后面都附有成语的出处、解释和成语的使用。
461  0 @12001 @a王钢侃成语
517 1  @a成语里的励志故事@9cheng yu li de li zhi gu shi
606 0  @a汉语@x成语@j儿童读物
690    @aH136.31-49@v5
701  0 @a王钢@9wang gang@c(作家)@4著
702  0 @a皮痞祖@9pi pi zu@c(女)@4绘
801  0 @aCN@b91MARC@c20180819
905    @aMuseLib@dH136.31-49@e375
    
    水滴石穿:成语里的励志故事/王钢著/皮痞祖绘.-北京:中国纺织出版社,2018.07
    68页:图;24cm.-(王钢侃成语)
    
    
    ISBN 978-7-5180-4870-0:CNY29.80
    本书以创新的方式和思维解读成语,让孩子对成语中的人和事产生共通的感情,加深对成语的理解。内容涉及“无懈可击”“洗耳恭听”“开卷有益”“拍案而起”“防微杜渐”等成语,每个成语后面都附有成语的出处、解释和成语的使用。
●
相关链接 在E读中查询图书 在五车中查询图书 在当当中查询图书 在豆瓣中查询图书


正题名:水滴石穿     索取号:H136.31-49/375         预约/预借

序号 登录号 条形码 馆藏地/架位号 状态 备注
1 1130225   211302259   第二样本阅览室/ [索取号:H136.31-49/375] 在馆    
2 1130226   211302268   第四借阅区/ [索取号:H136.31-49/375] 在馆    
3 1130227   211302277   密集书库—外国语学院/ [索取号:H136.31-49/375] 在馆    
4 1130228   211302286   第四借阅区/ [索取号:H136.31-49/375] 在馆    
5 1130229   211302295   第四借阅区/ [索取号:H136.31-49/375] 在馆    
唐山师范学院图书馆 欢迎您!
大连网信软件有限公司© 版权所有